000 00403nam a22001697a 4500
005 20160527104830.0
008 160527b xxu||||| |||| 00| 0 eng d
020 _a0333-93080-0
041 _aeng
082 _b5402
100 _aWoodruthe, Helen
_91351
245 _aService Marketing
260 _aNew Delhi
_bAcademic Faundation
_c2001
300 _a297
650 _aManagement
_9241
942 _cBK
999 _c1922
_d1921